01149 a2200169 45000010006000000050017000060080041000230030015000640400040000790800047001192450049001662640034002153000024002495050681002730410008009541000017009623990620260407155655.0260407a1975 arg spa dAR-UNSa-BCEJYS aAR-UNSa-BCEJYSbspacAR-UNSa-BCEJYS a336.5xGasto público. Gastos del estado 10aLos efectos económicos del gasto público 1aBuenos Aires :bDepalmac1975 axiv, 105 p.c20 cm. a1. El gasto público y la ciencia de las finanzas - 2. El gasto público y el fenómeno financiero - 3. Definición del gasto público - 4. Evolución y crecimiento del gasto - 5. Nueva filosofía del gasto público - 6. Papel del gasto público en la evolución económica - 7. Política fiscal compensatoria - 8. La selección del gasto - 9. Distribución del gasto público con relación al lugar - 10. Teorías sobre el desarrollo económico - 11. El impulso económico - 12. La financiación del gasto - 13. La regulación legal del gasto - 14. El control del gasto - 15. El gasto público en un plan de estabilización monetaria - 16. Conclusiones aspa1 aWehbe, Jorge